000 00370nam a2200157Ia 4500
003 Ost
005 20260225132549.0
008 260225s9999||||xx |||||||||||||| ||und||
040 _cfsic
041 _afre
082 _a440
100 _aFarouk ould cheikh
_eAuteur
245 0 _aLa hall aux grains blassat ezzraà /
245 0 _cFarouk ould cheikh
942 _cكتاب
999 _c34033
_d34033